[Event "WCO2014"]
[Site "Tromso"]
[Date "2014.08.09"]
[Round "7.42"]
[WhiteID "12803731"]
[White "Laurusas Tomas"]
[BlackID "13500139"]
[Black "Aleksandrov Aleksej"]
[Result "1/2-1/2"]
[LiveChessVersion "1.4.3"]
[BlackElo "2595"]
[WhiteElo "2435"]

1. d4 {[%clk 1:30:57]} Nf6 {[%clk 1:30:55]} 2. c4 {[%clk 1:31:22]} e6
{[%clk 1:31:22]} 3. Nf3 {[%clk 1:31:47]} d5 {[%clk 1:31:48]} 4. Nc3
{[%clk 1:32:12]} Bb4 {[%clk 1:32:13]} 5. Qa4+ {[%clk 1:32:37]} Nc6
{[%clk 1:32:36]} 6. Bg5 {[%clk 1:33:03]} h6 {[%clk 1:32:31]} 7. Bxf6
{[%clk 1:33:27]} Qxf6 {[%clk 1:32:58]} 8. e3 {[%clk 1:33:51]} O-O
{[%clk 1:32:36]} 9. Be2 {[%clk 1:34:13]} Bd7 {[%clk 1:17:18]} 10. Qb3
{[%clk 1:34:26]} dxc4 {[%clk 1:16:49]} 11. Qxc4 {[%clk 1:34:50]} Bd6
{[%clk 1:08:34]} 12. O-O {[%clk 1:27:59]} Rfd8 {[%clk 1:08:50]} 13. Ne4
{[%clk 1:26:19]} Qe7 {[%clk 1:08:37]} 14. Rac1 {[%clk 1:25:42]} Rab8
{[%clk 1:04:00]} 15. Rfd1 {[%clk 1:17:06]} Be8 {[%clk 1:00:52]} 16. h3
{[%clk 1:15:07]} a5 {[%clk 0:55:38]} 17. Nxd6 {[%clk 0:53:51]} cxd6
{[%clk 0:55:39]} 18. d5 {[%clk 0:54:14]} Nb4 {[%clk 0:47:10]} 19. dxe6
{[%clk 0:52:37]} fxe6 {[%clk 0:47:35]} 20. a3 {[%clk 0:51:55]} Na6
{[%clk 0:36:52]} 21. Nd4 {[%clk 0:45:58]} d5 {[%clk 0:28:58]} 22. Qc3
{[%clk 0:45:58]} a4 {[%clk 0:29:25]} 23. Nf3 {[%clk 0:35:32]} b5 {[%clk 0:22:03]}
24. Qe5 {[%clk 0:27:08]} Rb6 {[%clk 0:22:26]} 25. Qd4 {[%clk 0:22:11]} Qb7
{[%clk 0:17:03]} 26. Ne5 {[%clk 0:22:06]} Nb8 {[%clk 0:13:51]} 27. Bg4
{[%clk 0:14:29]} Nd7 {[%clk 0:11:48]} 28. Nd3 {[%clk 0:11:44]} Nf6
{[%clk 0:04:04]} 29. Nf4 {[%clk 0:09:58]} Bf7 {[%clk 0:04:01]} 30. Qe5
{[%clk 0:10:09]} Qb8 {[%clk 0:02:22]} 31. Nd3 {[%clk 0:08:52]} Rc8
{[%clk 0:01:13]} 32. Rxc8+ {[%clk 0:07:27]} Qxc8 {[%clk 0:01:41]} 33. Rc1
{[%clk 0:07:48]} Rc6 {[%clk 0:02:05]} 34. Rxc6 {[%clk 0:08:12]} Qxc6
{[%clk 0:02:32]} 35. Qb8+ {[%clk 0:08:36]} Qe8 {[%clk 0:01:08]} 36. Qc7
{[%clk 0:08:13]} Bh5 {[%clk 0:00:59]} 37. Ne5 {[%clk 0:04:47]} Bxg4
{[%clk 0:01:16]} 38. hxg4 {[%clk 0:05:11]} Ne4 {[%clk 0:01:29]} 39. Nd3
{[%clk 0:00:49]} Nd2 {[%clk 0:01:35]} 40. Nf4 {[%clk 0:00:41]} Nc4
{[%clk 0:01:30]} 41. Nh5 {[%clk 0:00:51]} 1/2-1/2

[Event "WCO2014"]
[Site "Tromso"]
[Date "2014.08.09"]
[Round "7.41"]
[WhiteID "13503758"]
[White "Stupak Kirill"]
[BlackID "12802476"]
[Black "Pileckis Emilis"]
[Result "1-0"]
[LiveChessVersion "1.4.3"]
[BlackElo "2447"]
[WhiteElo "2514"]

1. d4 {[%clk 1:30:58]} Nf6 {[%clk 1:30:55]} 2. c4 {[%clk 1:31:25]} e6
{[%clk 1:31:21]} 3. g3 {[%clk 1:31:54]} d5 {[%clk 1:31:47]} 4. Nf3
{[%clk 1:32:22]} Be7 {[%clk 1:32:12]} 5. Bg2 {[%clk 1:32:50]} O-O
{[%clk 1:32:37]} 6. O-O {[%clk 1:33:18]} dxc4 {[%clk 1:32:42]} 7. Ne5
{[%clk 1:33:47]} Nc6 {[%clk 1:33:04]} 8. Nxc6 {[%clk 1:34:07]} bxc6
{[%clk 1:33:26]} 9. Na3 {[%clk 1:34:35]} Bxa3 {[%clk 1:32:46]} 10. bxa3
{[%clk 1:35:04]} Nd5 {[%clk 1:30:09]} 11. Qa4 {[%clk 1:35:33]} Nc3
{[%clk 1:05:32]} 12. Qc2 {[%clk 1:34:34]} Nb5 {[%clk 1:05:25]} 13. e3
{[%clk 1:32:48]} Nd6 {[%clk 1:05:14]} 14. a4 {[%clk 1:31:59]} Qg5
{[%clk 0:48:09]} 15. Qc3 {[%clk 1:22:14]} Qf5 {[%clk 0:24:47]} 16. Ba3
{[%clk 1:20:52]} Rd8 {[%clk 0:22:28]} 17. Rab1 {[%clk 1:16:07]} Bd7
{[%clk 0:19:46]} 18. Rfe1 {[%clk 1:15:29]} Ne4 {[%clk 0:11:09]} 19. Qc2
{[%clk 1:14:43]} Nd6 {[%clk 0:08:54]} 20. e4 {[%clk 1:12:47]} Qg6
{[%clk 0:08:07]} 21. Rbc1 {[%clk 1:10:47]} Be8 {[%clk 0:07:50]} 22. Qc3
{[%clk 1:09:27]} f6 {[%clk 0:04:11]} 23. e5 {[%clk 1:08:32]} Nf5 {[%clk 0:03:24]}
24. Bc5 {[%clk 1:07:20]} fxe5 {[%clk 0:03:22]} 25. dxe5 {[%clk 1:02:43]} a5
{[%clk 0:03:38]} 26. Qxc4 {[%clk 1:02:11]} Rd2 {[%clk 0:03:52]} 27. Rcd1
{[%clk 0:55:24]} Rad8 {[%clk 0:04:03]} 28. Qc1 {[%clk 0:55:36]} R2d3
{[%clk 0:01:47]} 29. Rxd3 {[%clk 0:37:44]} Rxd3 {[%clk 0:02:13]} 30. Be4
{[%clk 0:38:10]} Rd8 {[%clk 0:00:43]} 31. Rd1 {[%clk 0:38:15]} Rb8
{[%clk 0:00:45]} 32. Ba3 {[%clk 0:32:17]} h5 {[%clk 0:00:58]} 33. f3
{[%clk 0:31:00]} Qf7 {[%clk 0:00:41]} 34. Qc5 {[%clk 0:31:17]} Ra8
{[%clk 0:00:36]} 35. Bc2 {[%clk 0:26:46]} Qg6 {[%clk 0:00:37]} 36. Kf2
{[%clk 0:22:46]} Qf7 {[%clk 0:00:53]} 37. h3 {[%clk 0:19:56]} Bd7
{[%clk 0:01:02]} 38. Be4 {[%clk 0:17:45]} Be8 {[%clk 0:00:40]} 39. Bc2
{[%clk 0:04:29]} Nh6 {[%clk 0:00:39]} 40. Qe7 {[%clk 0:02:09]} Qxe7
{[%clk 0:00:35]} 41. Bxe7 {[%clk 0:02:37]} Rb8 {[%clk 0:26:34]} 42. Bb3
{[%clk 0:33:33]} Kf7 {[%clk 0:26:04]} 43. Bd8 {[%clk 0:32:45]} Rb7
{[%clk 0:23:55]} 44. g4 {[%clk 0:31:07]} Kf8 {[%clk 0:16:24]} 45. Bh4
{[%clk 0:26:50]} Nf7 {[%clk 0:15:43]} 46. Bg3 {[%clk 0:27:19]} h4
{[%clk 0:14:03]} 47. Bxh4 {[%clk 0:25:07]} Nxe5 {[%clk 0:14:29]} 48. Bg3
{[%clk 0:25:34]} Nd7 {[%clk 0:14:44]} 49. Rc1 {[%clk 0:25:53]} Nb6
{[%clk 0:13:40]} 50. Rc5 {[%clk 0:25:59]} Ra7 {[%clk 0:13:55]} 51. Bf4
{[%clk 0:25:34]} Ke7 {[%clk 0:13:18]} 52. Bd2 {[%clk 0:18:25]} Kd6
{[%clk 0:11:01]} 53. Rxa5 {[%clk 0:18:48]} Rxa5 {[%clk 0:11:25]} 54. Bxa5
{[%clk 0:19:17]} Nd5 {[%clk 0:11:06]} 55. Bd2 {[%clk 0:19:07]} c5
{[%clk 0:11:30]} 56. h4 {[%clk 0:19:07]} c4 {[%clk 0:11:13]} 57. Bxc4
{[%clk 0:19:05]} Bxa4 {[%clk 0:11:41]} 58. h5 {[%clk 0:19:17]} Ke7
{[%clk 0:11:03]} 59. Bc1 {[%clk 0:18:01]} c6 {[%clk 0:10:33]} 60. Bb2
{[%clk 0:18:07]} Kf7 {[%clk 0:10:57]} 61. Bd4 {[%clk 0:17:39]} Bc2
{[%clk 0:10:58]} 62. Ke2 {[%clk 0:17:35]} Ba4 {[%clk 0:10:53]} 63. Kd2
{[%clk 0:17:35]} Kf8 {[%clk 0:10:45]} 64. Bd3 {[%clk 0:17:38]} Kg8
{[%clk 0:10:36]} 65. Be4 {[%clk 0:17:34]} Nb4 {[%clk 0:10:31]} 66. g5
{[%clk 0:16:59]} 1-0

[Event "WCO2014"]
[Site "Tromso"]
[Date "2014.08.09"]
[Round "7.9"]
[WhiteID "3600017"]
[White "Matamoros Franco Carlos S."]
[BlackID "12401137"]
[Black "Le Quang Liem"]
[Result "1/2-1/2"]
[LiveChessVersion "1.4.3"]
[BlackElo "2710"]
[WhiteElo "2525"]

1. c4 {[%clk 1:30:58]} c5 {[%clk 1:30:30]} 2. g3 {[%clk 1:31:13]} g6
{[%clk 1:30:50]} 3. Bg2 {[%clk 1:31:37]} Bg7 {[%clk 1:31:12]} 4. Nc3
{[%clk 1:32:01]} Nc6 {[%clk 1:31:32]} 5. Rb1 {[%clk 1:31:38]} b6 {[%clk 1:30:13]}
6. Nf3 {[%clk 1:29:28]} Bb7 {[%clk 1:30:26]} 7. O-O {[%clk 1:29:37]} d6
{[%clk 1:23:11]} 8. e3 {[%clk 1:21:28]} e6 {[%clk 1:13:32]} 9. d4
{[%clk 1:21:20]} Nge7 {[%clk 1:13:43]} 10. b3 {[%clk 1:20:39]} O-O
{[%clk 1:08:29]} 11. Bb2 {[%clk 1:20:45]} cxd4 {[%clk 1:00:35]} 12. Nxd4
{[%clk 1:19:02]} Na5 {[%clk 0:54:42]} 13. Ndb5 {[%clk 1:10:42]} Bxg2
{[%clk 0:47:44]} 14. Kxg2 {[%clk 1:10:58]} d5 {[%clk 0:47:47]} 15. cxd5
{[%clk 1:11:09]} a6 {[%clk 0:47:52]} 16. d6 {[%clk 0:58:43]} Nc8 {[%clk 0:44:46]}
17. Nc7 {[%clk 0:55:50]} Ra7 {[%clk 0:45:02]} 18. Ne4 {[%clk 0:55:43]} Bxb2
{[%clk 0:40:02]} 19. Rxb2 {[%clk 0:54:24]} Nxd6 {[%clk 0:40:01]} 20. Rd2
{[%clk 0:47:28]} Rxc7 {[%clk 0:34:09]} 21. Rxd6 {[%clk 0:47:20]} Qe7
{[%clk 0:24:55]} 22. Rxb6 {[%clk 0:42:04]} f5 {[%clk 0:25:08]} 23. Nd6
{[%clk 0:41:09]} Rd8 {[%clk 0:21:11]} 24. Qe1 {[%clk 0:40:22]} Nxb3
{[%clk 0:18:18]} 25. Nxf5 {[%clk 0:38:05]} exf5 {[%clk 0:18:30]} 26. axb3
{[%clk 0:38:01]} Qc5 {[%clk 0:15:47]} 27. Rxa6 {[%clk 0:30:53]} Qd5+
{[%clk 0:16:06]} 28. Kg1 {[%clk 0:31:19]} Qxb3 {[%clk 0:16:26]} 29. Qa1
{[%clk 0:31:37]} Qc3 {[%clk 0:12:46]} 30. Ra8 {[%clk 0:23:22]} Rxa8
{[%clk 0:12:13]} 31. Qxa8+ {[%clk 0:23:46]} Kg7 {[%clk 0:12:33]} 32. Rd1
{[%clk 0:22:26]} Qc6 {[%clk 0:09:55]} 33. Qd8 {[%clk 0:22:12]} Rb7
{[%clk 0:09:47]} 34. h3 {[%clk 0:19:21]} h5 {[%clk 0:08:33]} 35. Qd4+
{[%clk 0:12:16]} Kh7 {[%clk 0:08:34]} 36. Ra1 {[%clk 0:04:24]} Rd7
{[%clk 0:08:01]} 37. Qe5 {[%clk 0:03:41]} Qf3 {[%clk 0:07:21]} 38. Qf4
{[%clk 0:03:22]} Qxf4 {[%clk 0:03:48]} 39. gxf4 {[%clk 0:03:45]} Kg7
{[%clk 0:04:07]} 40. Kg2 {[%clk 0:03:51]} Rd2 {[%clk 0:04:11]} 41. Ra7+
{[%clk 0:03:54]} Kf6 {[%clk 0:04:22]} 42. Kg3 {[%clk 0:04:15]} Re2
{[%clk 0:03:30]} 43. Ra6+ {[%clk 0:01:20]} Kf7 {[%clk 0:03:31]} 44. Ra3
{[%clk 0:01:43]} Kf6 {[%clk 0:03:02]} 45. f3 {[%clk 0:01:04]} Kg7
{[%clk 0:03:11]} 46. Ra7+ {[%clk 0:00:44]} Kf6 {[%clk 0:02:45]} 47. Ra6+
{[%clk 0:24:06]} 1/2-1/2

[Event "WCO2014"]
[Site "Tromso"]
[Date "2014.08.09"]
[Round "7.10"]
[WhiteID "12401358"]
[White "Nguyen Duc Hoa"]
[BlackID "3600734"]
[Black "Munoz Sanchez Miguel"]
[Result "1/2-1/2"]
[LiveChessVersion "1.4.3"]
[BlackElo "2296"]
[WhiteElo "2501"]

1. e4 {[%clk 1:30:53]} c5 {[%clk 1:30:14]} 2. Nf3 {[%clk 1:31:14]} d6
{[%clk 1:30:40]} 3. d4 {[%clk 1:31:38]} cxd4 {[%clk 1:31:05]} 4. Nxd4
{[%clk 1:32:03]} Nf6 {[%clk 1:31:31]} 5. Nc3 {[%clk 1:32:27]} a6 {[%clk 1:31:56]}
6. f4 {[%clk 1:31:57]} Nbd7 {[%clk 1:30:50]} 7. a4 {[%clk 1:29:11]} e6
{[%clk 1:29:48]} 8. Be2 {[%clk 1:27:26]} Qc7 {[%clk 1:30:00]} 9. Bf3
{[%clk 1:24:38]} Be7 {[%clk 1:30:16]} 10. O-O {[%clk 1:24:39]} O-O
{[%clk 1:30:29]} 11. Be3 {[%clk 1:24:12]} Re8 {[%clk 1:30:38]} 12. a5
{[%clk 1:18:05]} Bf8 {[%clk 1:22:56]} 13. Kh1 {[%clk 1:14:30]} e5
{[%clk 1:23:06]} 14. Nde2 {[%clk 1:12:27]} h6 {[%clk 0:50:38]} 15. Qe1
{[%clk 1:05:41]} d5 {[%clk 0:48:50]} 16. fxe5 {[%clk 1:01:33]} dxe4
{[%clk 0:47:23]} 17. exf6 {[%clk 0:46:58]} exf3 {[%clk 0:47:48]} 18. Rxf3
{[%clk 0:47:19]} Nxf6 {[%clk 0:48:02]} 19. Qh4 {[%clk 0:45:29]} Bg4
{[%clk 0:42:54]} 20. Rxf6 {[%clk 0:26:24]} Bxe2 {[%clk 0:42:56]} 21. Bd4
{[%clk 0:22:45]} Qd8 {[%clk 0:31:46]} 22. Nxe2 {[%clk 0:18:54]} Rxe2
{[%clk 0:29:10]} 23. Qg4 {[%clk 0:16:30]} Qe7 {[%clk 0:26:20]} 24. Raf1
{[%clk 0:15:53]} Re4 {[%clk 0:20:49]} 25. R6f4 {[%clk 0:16:12]} Re8
{[%clk 0:19:41]} 26. c3 {[%clk 0:15:55]} Re1 {[%clk 0:18:24]} 27. Kg1
{[%clk 0:14:53]} Qe6 {[%clk 0:14:24]} 28. Qxe6 {[%clk 0:13:04]} Rxf1+
{[%clk 0:14:39]} 29. Kxf1 {[%clk 0:13:29]} Rxe6 {[%clk 0:15:06]} 30. Rf5
{[%clk 0:13:24]} g6 {[%clk 0:07:47]} 31. Rd5 {[%clk 0:13:07]} Rd6
{[%clk 0:08:10]} 32. Re5 {[%clk 0:12:49]} Re6 {[%clk 0:08:22]} 33. Ke2
{[%clk 0:09:55]} Rxe5+ {[%clk 0:07:48]} 34. Bxe5 {[%clk 0:10:19]} f5
{[%clk 0:08:16]} 35. Kd3 {[%clk 0:10:08]} Kf7 {[%clk 0:08:40]} 36. c4
{[%clk 0:07:04]} Ke6 {[%clk 0:09:02]} 37. Bc3 {[%clk 0:07:27]} Kd7
{[%clk 0:07:54]} 38. b4 {[%clk 0:06:36]} Kc6 {[%clk 0:08:19]} 39. h3
{[%clk 0:06:48]} h5 {[%clk 0:07:45]} 1/2-1/2

[Event "WCO2014"]
[Site "Tromso"]
[Date "2014.08.09"]
[Round "7.11"]
[WhiteID "3601382"]
[White "Guerra Tulcan Lenin"]
[BlackID "12401064"]
[Black "Nguyen Van Huy"]
[Result "1/2-1/2"]
[LiveChessVersion "1.4.3"]
[BlackElo "2439"]
[WhiteElo "2374"]

1. e4 {[%clk 1:30:57]} c5 {[%clk 1:30:41]} 2. c3 {[%clk 1:31:15]} d5
{[%clk 1:30:12]} 3. exd5 {[%clk 1:31:33]} Qxd5 {[%clk 1:30:19]} 4. d4
{[%clk 1:30:53]} Nf6 {[%clk 1:30:08]} 5. Nf3 {[%clk 1:31:07]} e6 {[%clk 1:29:48]}
6. Na3 {[%clk 1:29:43]} Qd8 {[%clk 1:28:26]} 7. Nc2 {[%clk 1:28:55]} Nbd7
{[%clk 1:26:42]} 8. Bd3 {[%clk 1:25:02]} Bd6 {[%clk 1:23:21]} 9. Qe2
{[%clk 1:22:38]} O-O {[%clk 1:18:46]} 10. Be3 {[%clk 1:20:00]} b6
{[%clk 1:14:09]} 11. O-O-O {[%clk 1:18:33]} Bb7 {[%clk 1:03:08]} 12. Ne5
{[%clk 0:52:06]} Qc7 {[%clk 0:54:56]} 13. Nxd7 {[%clk 0:50:10]} Nxd7
{[%clk 0:54:00]} 14. Bxh7+ {[%clk 0:42:05]} Kxh7 {[%clk 0:53:40]} 15. Qd3+
{[%clk 0:42:29]} Kg8 {[%clk 0:50:22]} 16. dxc5 {[%clk 0:42:48]} Bxc5
{[%clk 0:48:09]} 17. Qxd7 {[%clk 0:42:54]} Qxd7 {[%clk 0:48:12]} 18. Rxd7
{[%clk 0:43:20]} Bxg2 {[%clk 0:48:26]} 19. Rg1 {[%clk 0:43:02]} Bc6
{[%clk 0:47:16]} 20. Rc7 {[%clk 0:37:18]} Bxe3+ {[%clk 0:43:39]} 21. Nxe3
{[%clk 0:37:38]} Rfc8 {[%clk 0:44:00]} 22. Rxc8+ {[%clk 0:37:32]} Rxc8
{[%clk 0:44:25]} 23. h4 {[%clk 0:37:18]} f6 {[%clk 0:40:20]} 24. Rg4
{[%clk 0:32:16]} Kf7 {[%clk 0:36:35]} 25. Rc4 {[%clk 0:28:38]} Bd7
{[%clk 0:34:41]} 26. Rd4 {[%clk 0:27:34]} Ke7 {[%clk 0:26:39]} 27. Rg4
{[%clk 0:27:34]} Rg8 {[%clk 0:25:08]} 28. Rg1 {[%clk 0:18:39]} Bc6
{[%clk 0:22:07]} 29. Rg4 {[%clk 0:16:43]} Bd7 {[%clk 0:19:52]} 30. Rg1
{[%clk 0:16:55]} Be8 {[%clk 0:18:52]} 31. Rg4 {[%clk 0:16:18]} g6
{[%clk 0:16:44]} 32. Rc4 {[%clk 0:15:37]} Rh8 {[%clk 0:16:15]} 33. Rc7+
{[%clk 0:13:37]} Bd7 {[%clk 0:11:58]} 34. Ng4 {[%clk 0:08:48]} f5
{[%clk 0:11:50]} 35. Ne5 {[%clk 0:06:41]} Kd6 {[%clk 0:12:08]} 36. Rxa7
{[%clk 0:06:05]} Kxe5 {[%clk 0:11:51]} 37. Rxd7 {[%clk 0:06:34]} Rxh4
{[%clk 0:12:12]} 38. Kd2 {[%clk 0:05:58]} Rh2 {[%clk 0:11:40]} 39. Ke3
{[%clk 0:05:05]} g5 {[%clk 0:10:43]} 40. Kf3 {[%clk 0:02:58]} f4 {[%clk 0:03:26]}
41. Rg7 {[%clk 0:01:21]} Kf6 {[%clk 0:30:21]} 42. Rg8 {[%clk 0:30:06]} Rh3+
{[%clk 0:25:39]} 43. Ke4 {[%clk 0:26:56]} Rh2 {[%clk 0:25:44]} 44. Kf3
{[%clk 0:27:20]} Rh3+ {[%clk 0:23:45]} 45. Ke4 {[%clk 0:27:44]} Rh2
{[%clk 0:23:57]} 46. Kf3 {[%clk 0:28:00]} 1/2-1/2

[Event "WCO2014"]
[Site "Tromso"]
[Date "2014.08.09"]
[Round "7.12"]
[WhiteID "12401269"]
[White "Nguyen Huynh Minh Huy"]
[BlackID "3600467"]
[Black "Mieles Palau Daniel"]
[Result "1/2-1/2"]
[LiveChessVersion "1.4.3"]
[BlackElo "2374"]
[WhiteElo "2507"]

1. d4 {[%clk 1:30:20]} Nf6 {[%clk 1:30:49]} 2. Bg5 {[%clk 1:30:40]} d5
{[%clk 1:29:01]} 3. e3 {[%clk 1:30:33]} c5 {[%clk 1:27:45]} 4. Nc3
{[%clk 1:22:26]} Nc6 {[%clk 1:21:13]} 5. Bb5 {[%clk 1:05:26]} e6 {[%clk 1:18:31]}
6. Nf3 {[%clk 1:05:27]} cxd4 {[%clk 1:13:48]} 7. Qxd4 {[%clk 0:57:34]} Bd7
{[%clk 1:13:46]} 8. Qh4 {[%clk 0:57:56]} Be7 {[%clk 1:05:30]} 9. O-O
{[%clk 0:56:01]} O-O {[%clk 1:01:50]} 10. Bd3 {[%clk 0:44:10]} h6
{[%clk 0:53:52]} 11. Bxh6 {[%clk 0:44:23]} gxh6 {[%clk 0:54:17]} 12. Qxh6
{[%clk 0:44:48]} Nb4 {[%clk 0:40:56]} 13. Qg5+ {[%clk 0:38:36]} Kh8
{[%clk 0:41:17]} 14. Qh6+ {[%clk 0:38:31]} Kg8 {[%clk 0:41:40]} 15. Qg5+
{[%clk 0:37:30]} Kh8 {[%clk 0:42:05]} 16. Qh6+ {[%clk 0:37:57]} Kg8
{[%clk 0:42:30]} 17. Qg5+ {[%clk 0:37:43]} 1/2-1/2

[Event "WCO2014"]
[Site "Tromso"]
[Date "2014.08.09"]
[Round "7.40"]
[WhiteID "1502611"]
[White "Lie Espen"]
[BlackID "7101384"]
[Black "Megaranto Susanto"]
[Result "0-1"]
[LiveChessVersion "1.4.3"]
[BlackElo "2527"]
[WhiteElo "2435"]

1. e4 {[%clk 1:30:56]} e5 {[%clk 1:30:43]} 2. Nf3 {[%clk 1:31:18]} Nc6
{[%clk 1:31:07]} 3. Bc4 {[%clk 1:31:34]} Bc5 {[%clk 1:30:56]} 4. c3
{[%clk 1:31:52]} Nf6 {[%clk 1:31:18]} 5. d3 {[%clk 1:32:14]} d6 {[%clk 1:29:58]}
6. Bb3 {[%clk 1:32:13]} a6 {[%clk 1:28:26]} 7. h3 {[%clk 1:32:27]} Ba7
{[%clk 1:27:47]} 8. Nbd2 {[%clk 1:32:21]} h6 {[%clk 1:24:21]} 9. Nf1
{[%clk 1:32:10]} Be6 {[%clk 1:23:06]} 10. Bc2 {[%clk 1:26:36]} d5
{[%clk 1:18:30]} 11. Qe2 {[%clk 1:26:17]} Qd7 {[%clk 1:12:32]} 12. Ng3
{[%clk 1:24:43]} O-O {[%clk 1:12:10]} 13. Bd2 {[%clk 1:11:52]} Rad8
{[%clk 1:11:00]} 14. Rd1 {[%clk 1:01:48]} Rfe8 {[%clk 1:09:42]} 15. Nh4
{[%clk 0:55:00]} Ne7 {[%clk 1:02:32]} 16. Qf3 {[%clk 0:53:37]} dxe4
{[%clk 0:31:14]} 17. dxe4 {[%clk 0:51:09]} Ng4 {[%clk 0:29:36]} 18. O-O
{[%clk 0:30:58]} Nxf2 {[%clk 0:15:09]} 19. Kh2 {[%clk 0:23:14]} Nxd1
{[%clk 0:07:05]} 20. Bxh6 {[%clk 0:18:56]} Ne3 {[%clk 0:07:22]} 21. Nh5
{[%clk 0:15:23]} Nxf1+ {[%clk 0:07:47]} 22. Qxf1 {[%clk 0:14:55]} Qd2
{[%clk 0:04:23]} 23. Bxd2 {[%clk 0:13:29]} Rxd2 {[%clk 0:04:52]} 24. Qe1
{[%clk 0:12:37]} Rf2 {[%clk 0:04:30]} 25. Qc1 {[%clk 0:11:38]} f6
{[%clk 0:04:36]} 26. Qd1 {[%clk 0:11:49]} g6 {[%clk 0:01:45]} 27. Bb3
{[%clk 0:12:12]} Bxb3 {[%clk 0:02:08]} 28. Qxb3+ {[%clk 0:12:36]} Kf8
{[%clk 0:02:34]} 29. Ng3 {[%clk 0:09:08]} Bb6 {[%clk 0:02:30]} 30. Qe6
{[%clk 0:09:06]} Rd8 {[%clk 0:02:40]} 31. Nf3 {[%clk 0:05:02]} Rd6
{[%clk 0:03:04]} 32. Qg4 {[%clk 0:05:20]} Rd3 {[%clk 0:03:01]} 33. Nh4
{[%clk 0:04:56]} Kf7 {[%clk 0:03:25]} 34. Nxg6 {[%clk 0:02:36]} Nxg6
{[%clk 0:02:16]} 35. Qh5 {[%clk 0:02:58]} Rdd2 {[%clk 0:00:56]} 36. Qh7+
{[%clk 0:03:06]} Ke6 {[%clk 0:01:06]} 37. Qg8+ {[%clk 0:03:04]} Kd7
{[%clk 0:01:27]} 38. Qf7+ {[%clk 0:02:43]} Ne7 {[%clk 0:01:49]} 39. h4
{[%clk 0:02:59]} Rxg2+ {[%clk 0:01:30]} 40. Kh3 {[%clk 0:03:27]} Rh2+
{[%clk 0:01:07]} 41. Kg4 {[%clk 0:03:55]} Rhg2 {[%clk 0:00:37]} 42. Kh3
{[%clk 0:03:33]} Rh2+ {[%clk 0:00:31]} 43. Kg4 {[%clk 0:04:01]} Rdg2
{[%clk 0:00:31]} 0-1

[Event "WCO2014"]
[Site "Tromso"]
[Date "2014.08.09"]
[Round "7.39"]
[WhiteID "7102526"]
[White "Farid Firman Syah"]
[BlackID "1500082"]
[Black "Djurhuus Rune"]
[Result "1-0"]
[LiveChessVersion "1.4.3"]
[BlackElo "2436"]
[WhiteElo "2400"]

1. d4 {[%clk 1:30:53]} Nf6 {[%clk 1:30:52]} 2. Nf3 {[%clk 1:31:11]} g6
{[%clk 1:31:09]} 3. g3 {[%clk 1:30:25]} Bg7 {[%clk 1:31:31]} 4. Bg2
{[%clk 1:30:49]} O-O {[%clk 1:31:57]} 5. O-O {[%clk 1:30:07]} d6 {[%clk 1:32:16]}
6. c4 {[%clk 1:30:24]} Nc6 {[%clk 1:32:40]} 7. Nc3 {[%clk 1:30:38]} Bf5
{[%clk 1:33:05]} 8. d5 {[%clk 1:30:37]} Na5 {[%clk 1:33:29]} 9. Nd2
{[%clk 1:30:57]} c6 {[%clk 1:33:36]} 10. dxc6 {[%clk 1:10:27]} Nxc6
{[%clk 1:32:58]} 11. b3 {[%clk 1:03:47]} d5 {[%clk 1:28:53]} 12. Bb2
{[%clk 1:03:29]} d4 {[%clk 1:29:11]} 13. Nd5 {[%clk 1:01:22]} Nxd5
{[%clk 1:21:51]} 14. cxd5 {[%clk 1:00:40]} Nb4 {[%clk 1:22:16]} 15. Nf3
{[%clk 0:59:36]} Be4 {[%clk 1:22:26]} 16. Qd2 {[%clk 0:52:11]} Nc2
{[%clk 1:16:10]} 17. Rac1 {[%clk 0:46:33]} Rc8 {[%clk 1:15:10]} 18. Ne1
{[%clk 0:45:21]} Bxg2 {[%clk 0:26:56]} 19. Nxg2 {[%clk 0:45:34]} Qc7
{[%clk 0:23:15]} 20. Ne1 {[%clk 0:44:32]} d3 {[%clk 0:09:25]} 21. Bxg7
{[%clk 0:44:30]} dxe2 {[%clk 0:09:46]} 22. Qxe2 {[%clk 0:36:11]} Nd4
{[%clk 0:10:10]} 23. Bxd4 {[%clk 0:36:33]} Qxc1 {[%clk 0:10:36]} 24. Qxe7
{[%clk 0:36:49]} f6 {[%clk 0:07:34]} 25. Qe6+ {[%clk 0:36:59]} Kg7
{[%clk 0:07:31]} 26. Nf3 {[%clk 0:36:06]} Qc2 {[%clk 0:07:20]} 27. Ng5
{[%clk 0:35:32]} Kh6 {[%clk 0:04:58]} 28. Qh3+ {[%clk 0:35:39]} Kxg5
{[%clk 0:05:15]} 29. f4# {[%clk 0:35:53]} 1-0

[Event "WCO2014"]
[Site "Tromso"]
[Date "2014.08.09"]
[Round "7.38"]
[WhiteID "1509276"]
[White "Hauge Lars Oskar"]
[BlackID "7103743"]
[Black "Ali Lutfi Muhammad"]
[Result "0-1"]
[LiveChessVersion "1.4.3"]
[BlackElo "2339"]
[WhiteElo "2346"]

1. e4 {[%clk 1:30:58]} c5 {[%clk 1:30:51]} 2. Nf3 {[%clk 1:31:23]} d6
{[%clk 1:31:14]} 3. Bb5+ {[%clk 1:30:00]} Bd7 {[%clk 1:28:55]} 4. Bxd7+
{[%clk 1:25:48]} Qxd7 {[%clk 1:29:21]} 5. O-O {[%clk 1:26:11]} Nc6
{[%clk 1:29:18]} 6. Qe2 {[%clk 1:26:32]} Nf6 {[%clk 1:29:18]} 7. Rd1
{[%clk 1:25:32]} e6 {[%clk 1:23:58]} 8. d4 {[%clk 1:25:46]} cxd4 {[%clk 1:22:26]}
9. Nxd4 {[%clk 1:26:08]} Be7 {[%clk 1:19:35]} 10. c4 {[%clk 1:26:25]} Nxd4
{[%clk 1:11:00]} 11. Rxd4 {[%clk 1:26:49]} Qc6 {[%clk 1:11:27]} 12. Nc3
{[%clk 1:26:44]} Nd7 {[%clk 1:02:41]} 13. Rd1 {[%clk 1:15:53]} a6
{[%clk 0:57:38]} 14. Bf4 {[%clk 1:03:03]} Ne5 {[%clk 0:51:18]} 15. Rac1
{[%clk 1:01:29]} Ng6 {[%clk 0:47:11]} 16. Be3 {[%clk 0:56:26]} O-O
{[%clk 0:46:30]} 17. b3 {[%clk 0:54:56]} Rac8 {[%clk 0:45:46]} 18. f3
{[%clk 0:50:30]} Rfe8 {[%clk 0:42:11]} 19. a4 {[%clk 0:45:29]} Bf6
{[%clk 0:39:35]} 20. Na2 {[%clk 0:43:22]} Qc7 {[%clk 0:38:12]} 21. Qf2
{[%clk 0:39:43]} h6 {[%clk 0:31:07]} 22. Qd2 {[%clk 0:27:28]} Red8
{[%clk 0:29:40]} 23. Nb4 {[%clk 0:26:54]} Qe7 {[%clk 0:29:18]} 24. f4
{[%clk 0:24:44]} Qc7 {[%clk 0:22:13]} 25. Nd3 {[%clk 0:22:07]} Qc6
{[%clk 0:20:07]} 26. Nf2 {[%clk 0:22:31]} Bh4 {[%clk 0:20:26]} 27. g3
{[%clk 0:20:36]} Be7 {[%clk 0:20:50]} 28. Qa5 {[%clk 0:16:55]} Rf8
{[%clk 0:20:21]} 29. Qh5 {[%clk 0:16:30]} Qe8 {[%clk 0:18:17]} 30. Re1
{[%clk 0:14:58]} f5 {[%clk 0:16:39]} 31. Bd4 {[%clk 0:12:57]} fxe4
{[%clk 0:14:14]} 32. Rxe4 {[%clk 0:10:52]} e5 {[%clk 0:14:40]} 33. fxe5
{[%clk 0:10:43]} dxe5 {[%clk 0:14:58]} 34. Be3 {[%clk 0:10:47]} Qf7
{[%clk 0:15:03]} 35. Rf1 {[%clk 0:08:22]} Rc6 {[%clk 0:14:13]} 36. Qe2
{[%clk 0:08:06]} Rf6 {[%clk 0:14:20]} 37. Rd1 {[%clk 0:08:19]} Rf3
{[%clk 0:10:41]} 38. Rd3 {[%clk 0:07:11]} h5 {[%clk 0:06:26]} 39. Bb6
{[%clk 0:05:53]} Rf6 {[%clk 0:06:49]} 40. Be3 {[%clk 0:03:59]} Rf3
{[%clk 0:02:01]} 41. Ba7 {[%clk 0:02:40]} Rf6 {[%clk 0:30:01]} 42. a5
{[%clk 0:32:31]} Bb4 {[%clk 0:28:26]} 43. Rd5 {[%clk 0:30:22]} h4
{[%clk 0:25:16]} 44. Kg2 {[%clk 0:29:13]} Rf3 {[%clk 0:18:09]} 45. Nd3
{[%clk 0:25:38]} Qf5 {[%clk 0:18:04]} 46. Bf2 {[%clk 0:25:42]} h3+
{[%clk 0:18:24]} 47. Kg1 {[%clk 0:22:44]} Bc5 {[%clk 0:15:02]} 48. Rxc5
{[%clk 0:23:12]} Rxd3 {[%clk 0:15:25]} 49. Re3 {[%clk 0:14:42]} Rd1+
{[%clk 0:12:53]} 50. Be1 {[%clk 0:15:05]} Rd7 {[%clk 0:13:05]} 51. g4
{[%clk 0:12:19]} Qb1 {[%clk 0:13:09]} 52. b4 {[%clk 0:08:41]} Nf4
{[%clk 0:12:56]} 53. Qf3 {[%clk 0:06:53]} Nd3 {[%clk 0:13:01]} 54. Qf7+
{[%clk 0:07:12]} Rdxf7 {[%clk 0:13:25]} 0-1